Japan and world timber markets

Bibliographic Details
Format: Book
Published: Wallingford : CABI Publishing , 1999
Subjects:

MARC

LEADER 00000cam a2200000 7i4500
001 0000003857
005 20110801.0
020 0 0 |a 0851993273 
090 0 0 |a 382.45674   |b BLAN 1999 
245 1 0 |a Japan and world timber markets   |c P.R.Blandon 
260 0 0 |a Wallingford :   |b CABI Publishing ,   |c 1999 
300 |a xiii, 242 p. :   |b ill ;   |c 24 cm. 
504 0 0 |a Includes bibliographical references and index 
650 0 0 |a Lumber trade 
650 0 0 |a Lumber trade---Japan 
998 |a JPSM 
999 |a 007369   |b Monograph   |c Open Shelf   |e Default branch